| Tag |
First Indicator |
Second Indicator |
Subfields |
| LEADER |
00000cam a2200000 a 4500 |
| 001 |
in00001410142 |
| 005 |
20160212155646.0 |
| 008 |
961217s1997 nyua b 001 0 eng |
| 010 |
|
|
|a 96030089
|
| 035 |
|
|
|a (OCoLC)ocm36138309
|
| 035 |
|
|
|9 AHN8105AM
|
| 040 |
|
|
|a DLC
|b eng
|c DLC
|d C#P
|d NLGGC
|d BTCTA
|d BAKER
|d YDXCP
|d OCLCO
|d OCLCF
|d OCLCQ
|
| 020 |
|
|
|a 1558514821
|
| 020 |
|
|
|a 9781558514829
|
| 035 |
|
|
|a (OCoLC)36138309
|
| 050 |
0 |
0 |
|a QA76.76.O63
|b J627 1997
|
| 082 |
0 |
0 |
|a 005.2/82
|2 21
|
| 084 |
|
|
|a 54.54
|2 bcl
|
| 049 |
|
|
|a TXAM
|
| 100 |
1 |
|
|a Foster-Johnson, Eric.
|
| 245 |
1 |
0 |
|a UNIX programming tools /
|c Eric Foster-Johnson.
|
| 250 |
|
|
|a 1st ed.
|
| 260 |
|
|
|a New York, N.Y. :
|b M & T Books,
|c 1997.
|
| 300 |
|
|
|a xviii, 346 pages :
|b illustrations ;
|c 24 cm +
|e 1 computer optical disc (4 3/4 in.)
|
| 336 |
|
|
|a text
|b txt
|2 rdacontent
|
| 337 |
|
|
|a unmediated
|b n
|2 rdamedia
|
| 338 |
|
|
|a volume
|b nc
|2 rdacarrier
|
| 504 |
|
|
|a Includes bibliographical references and index.
|
| 538 |
|
|
|a System requirements: IBM compatible PC; CD-ROM drive; Rock Ridge extension to the standard ISO 9660 format.
|
| 630 |
0 |
0 |
|a UNIX (Computer file)
|
| 650 |
|
0 |
|a Operating systems (Computers)
|
| 630 |
0 |
7 |
|a UNIX (Computer file)
|2 fast
|0 (OCoLC)fst01365395
|
| 650 |
|
7 |
|a Operating systems (Computers)
|2 fast
|0 (OCoLC)fst01046280
|
| 650 |
1 |
7 |
|a UNIX.
|2 gtt
|
| 650 |
1 |
7 |
|a Systeemontwerp.
|2 gtt
|
| 650 |
1 |
7 |
|a Programmeertalen.
|2 gtt
|
| 948 |
|
|
|a c:dm
|
| 994 |
|
|
|a C0
|b TXA
|
| 999 |
f |
f |
|s 399db341-7afb-3d27-a8ee-0ce1f3d16b0c
|i c8e495a1-20a0-3335-b5e0-29359052863e
|t 0
|
| 952 |
f |
f |
|p normal
|a Texas A&M University
|b College Station
|c Sterling C. Evans Library
|s Evans stk
|d Evans: Library Stacks
|t 0
|e QA76.76.O63 J627 1997
|h Library of Congress classification
|i unmediated -- volume
|m A14843294910
|
| 998 |
f |
f |
|a QA76.76.O63 J627 1997
|t 0
|l Evans: Library Stacks
|